| 000 | 01044nam a22002537a 4500 | ||
|---|---|---|---|
| 999 |
_c11586 _d11586 |
||
| 003 | AR-CdUCM | ||
| 008 | 190404b ||||| |||| 00| 0 spa d | ||
| 040 |
_aMUNICIPALIDAD PROVINCIAL DEL CUSCO _cBIBLIOTECA MUNICIPAL DEL CUSCO |
||
| 041 | _hfre | ||
| 082 |
_a985.03 / _bD61 / 1964 |
||
| 100 |
_aDescola, Jean _929021 |
||
| 245 |
_aLa vida cotidiana en el Perú en tiempos de los Españoles : _b1710 - 1820 / |
||
| 260 |
_aBuenos Aires : _bHachette, _c1964. |
||
| 300 |
_a290 páginas ; _bilustraciones, fotografías, planos, _c22 cm. |
||
| 505 | _aContenido: El cuadro de la vida el país y los hombres -- El decorado de la vida pública y privada -- La vida privada las etapas de la vida -- La vida pública los deberes y las necesidades las musas. | ||
| 650 |
_aIndígenas del Perú _95715 |
||
| 650 |
_aPerú _935 |
||
| 650 |
_aÉpoca Colonial _9645 |
||
| 650 |
_aVida y costumbres sociales _9857 |
||
| 650 |
_aHistoria _9136 |
||
| 700 |
_aCiviny, Gabriela de (traducción) _929022 |
||
| 942 |
_2ddc _cLIBROS |
||
| 945 |
_aachl _d2019-04-04 |
||